000 00287nam a2200145Ia 4500
100 _aECA
942 _cBK
654 _aELECTRONIC
245 _aCMOS Data book
260 _bBPB Pub
_aNew Delhi
_c1992
082 _a621.3815
_bECA
300 _a273
546 _aENGLISH
999 _c30617
_d30617